Selektívna analýza vybraných prchavých látok plynovou chromatografiou

Gespeichert in:
Bibliographische Detailangaben
1. Verfasser: Takácsová, Gizela
Format: Software Buch
Sprache:Slowakisch
Veröffentlicht: Bratislava STU FCHPT 2007
Online-Zugang:Im OPAC anzeigen
Tags: Tag hinzufügen
Keine Tags, Fügen Sie das erste Tag hinzu!

MARC

LEADER 00000nam a2200000 a 4500
005 20260127133943.0
007 co ugu
008 060607 2006 xo 000 0 slo d
035 |a vtls009084128 
039 9 |y 200708010754  |z mschk03 
040 |a STUSCHK1  |b slo  |c STUSCHK1  |e AACR2 
100 1 |a Takácsová, Gizela 
245 1 |a Selektívna analýza vybraných prchavých látok plynovou chromatografiou  |c Gizela Takácsová 
260 |a Bratislava  |b STU FCHPT  |c 2007 
500 |a Obháj.: 4.6. 2007 
500 |a Špec.: Analytická chémia 
500 |a Ústav analytickej chémie 
500 |a Diplomová praca na CD-ROMe 
910 |a SCHK95 
999 |c 781  |d 781